Environmentally sustainable rural and agricultural development strategies in the Philippines : (Record no. 15736)

000 -LEADER
fixed length control field 00528cam a22001337a 4500
020 ## - INTERNATIONAL STANDARD BOOK NUMBER
ISBN 9715600751
040 ## - CATALOGING SOURCE
Transcribing agency DLC
082 ## - DEWEY DECIMAL CLASSIFICATION NUMBER
Classification number 648 SEA 2002 A056 Or.
245 00 - TITLE STATEMENT
Title Environmentally sustainable rural and agricultural development strategies in the Philippines :
Remainder of title lessons from six case studies /
260 ## - PUBLICATION, DISTRIBUTION, ETC. (IMPRINT)
Place of publication College, Los Baños, Laguna, Philippines :
Name of publisher SEAMEO Regional Center for Graduate Study and Research in Agriculture,
Year of publication c2002.
300 ## - PHYSICAL DESCRIPTION
Number of Pages vii, 165 p. :
Other physical details ill., maps ;
Dimensions 23 cm.
700 1# - ADDED ENTRY--PERSONAL NAME
Personal name Sajise, Percy E.,
942 ## - ADDED ENTRY ELEMENTS (KOHA)
Koha item type សៀវភៅភាសាអង់គ្លេស
952 ## - LOCATION AND ITEM INFORMATION (KOHA)
Withdrawn status [LOCAL, KOHA] 0
Holdings
Permanent Location Date acquired Koha item type Lost status Shelving location Barcode Current Location Full call number
Library Block A2017-12-08សៀវភៅភាសាអង់គ្លេស A056RUA056299Library Block A648 SEA 2002 A056 Or.
មជ្ឈមណ្ឌលឯការនៃសាកលវិទ្យាល័យភូមិន្ទកសិកម្មចំការដូង

Powered by Koha